Saaria suurimpien kaupunkien mukaan #1 - Statistics

Yleistilastot
  • Tätä visaa on pelattu 378 kertaa
  • Keskiarvotulos 13 / 20
Vastaustilastot
Kaupunki Saari % Oikein
Dublin Irlanti
97%
Lontoo Iso-Britannia
96%
Reykjavík Islanti
89%
Havanna Kuuba
87%
Taipei Taiwan
83%
Nikosia Kypros
81%
Kingston Jamaika
79%
Nuuk Grönlanti
76%
Palermo Sisilia
75%
Sapporo Hokkaido
70%
Jakarta Jaava
65%
Tokio Honshu
64%
Auckland Pohjoissaari
60%
Iraklion Kreeta
58%
Palma Mallorca
58%
Christchurch Eteläsaari
57%
Santo Domingo Hispaniola
43%
Honolulu Oahu
43%
San Juan Puerto Rico
40%
Charlottetown Prinssi Edwardin saari
16%
Ehtoja vastaavia visoja ei löytynyt
Tulosjakauma
Jokaisen tuloksen saaneiden osuus
Persentiili vastausten määrän mukaan
Tuloshistoriasi
Et ole pelannut tätä visaa